000
00271nam a2200097Ia 4500
008
230907s9999||||xx |||||||||||||| ||und||
082
_a
697.9316
_b
ASH
245
0
_a
Particulate and gaseous contamination in datacom environments /
300
_a
vi, 119 pages :
942
_c
BK
999
_c
599526
_d
599526